Statystyki dla Czy wiedza podstawowa jest naprawdę prosta?

Kliknij tutaj aby rozwiązać quiz!

Ogólne statystyki

  • Ten quiz został rozwiązany 320 razy
    (157 od ostatniego zresetowania)
  • Średni wynik to 11 z 18

Statystyki odpowiedzi

ZagadnienieOdpowiedź% Poprawnych
Od 1 stycznia 1999 roku obowiązuje obecny podział administracyjny Polski. Od tej zmiany, Polska dzieli się na:16 województw.
98%
W trójkącie równoramiennym, kąty przy podstawie mają po 2 stopnie. Ile mierzy trzeci kąt?176 stopni
92%
W Układzie Słonecznym, którą w kolejności od Słońca planetą jest Ziemia?trzecią
87%
Podatek PIT (skrót od ang. Personal Income Tax), to inaczejPodatek dochodowy od osób fizycznych.
78%
Który z podanych pierwiastków, jest gazem szlachetnym?Hel
62%
Dokończ pierwszą zwrotkę Oficjalnego hymnu państwowego Rzeczypospolitej Polskiej. "Jeszcze Polska nie zginęła, (...)Kiedy my żyjemy. Co nam obca przemoc wzięła, Szablą odbierzemy.
62%
Który wiek, jest nazywany złotym wiekiem dziejów Polski.XVI
61%
Jakie państwa należały do Trójprzymierza? (Zaraz na początku I Wojny Światowej)Niemcy, Włochy oraz Austro-Węgry
58%
Wybierz poprawną kolejność, pięciu miast Polski, pod względem największej ludności.1.Warszawa 2.Kraków 3.Wrocław 4.Lódz 5.Poznań
57%
Za którą z niżej podanych tytułów, autor otrzymał Nagrodę Nobla w dziedzinie literatury.Chłopi.
55%
Wizerunek, którego króla, widnieje na banknocie 100zł? (Bierzemy pod uwagę Banknoty Narodowego Banku Polskiego po roku 1994r [Tak, czyli aktualnie używane])Portret króla Władysława II Jagiełły.
54%
Wybierz prawidłową chronologię wydarzeń.1.Powstanie Sparty, 2.Upadek Cesarstwa Rzymskiego, 3.Ucieczka Mahometa z Mekki, 4.Chrzest Polski.
51%
Wybierz z niżej podanych, prawidłowo wypisane epoki literackie, od najstarszej do najmłodszej.Renesans, Barok, Oświecenie, Romantyzm, Pozytywizm
51%
Format Arkusza A4 wynosi:297mm x 210mm
49%
Według Precedencji w Polsce (porządek pierwszeństwa witania, przemawiania, zajmowania miejsc, podczas oficjalnych spotkań władz państwowych). Kto jest najwyżej w hierarchii, zaraz po Prezydencie Rzeczypospolitej Polskiej?Marszałek Sejmu.
48%
Wybierz z poniżej podanych zdań, te które jest nieprawdziwe.Alkohol metylowy umiarkowane spożywany, redukuje ryzyko zapadnięcia na dwadzieścia chorób, w tym osteoporozę i chorobę Parkinsona.
47%
Czy prawdą jest, że krew płynąca w tętnicach człowieka, posiada ciemniejszy kolor od krwii płynącej w żyłach człowieka?Fałsz
45%
Jednostka ciśnienia (także naprężenia) w układzie SI to:Paskal
37%

Rozkład punktacji

Percentyl według liczby udzielonych odpowiedzi

Procent ludzi z każdym wynikiem

Twoja historia wyników

Nie rozwiązałeś tego quizu od ostatniego zresetowania